| 000 | 01911nam0a2200373 4500 | ||
|---|---|---|---|
| 001 | RU\NLR\bibl\1437398 | ||
| 005 | 20260405211139.0 | ||
| 010 |
_a978-5-8265-0813-8 _9150 |
||
| 021 |
_aRU _b2009-74534 _94642 |
||
| 035 | _a(NLR Aleph) 001429274 | ||
| 090 |
_a1392272 _c1392272 |
||
| 100 | _a20091112d2009 |||y0rusy50 ca | ||
| 101 | 0 |
_arus _aeng _eeng |
|
| 102 | _aRU | ||
| 105 | _aa ||||||||| | ||
| 200 | 1 |
_aАнглийский язык для исследователей _eучебное пособие _fН. Никульшина, О. Гливенкова _gМ-во образования и науки Рос. Федерации, ГОУ ВПО "Тамбов. гос. техн. ун-т" |
|
| 210 |
_aТамбов _cИзд-во ТГТУ _d2009 |
||
| 215 |
_a98, [1] с. _d21 |
||
| 300 | _aНа обл.: English for researchers / N. Nikulshina, O. Glivenkova | ||
| 512 | 1 |
_6z24790 _aEnglish for researchers _zeng |
|
| 606 | 1 |
_aАнглийский язык _jУчебные издания для высших учебных заведений _9972309 _3RU\NLR\auth\6646032 |
|
| 606 | 1 |
_aАнглийский язык _jУчебные издания для последипломного образования _9972309 _3RU\NLR\auth\6646032 |
|
| 686 | _aШ143.21-93рус32 | ||
| 700 | 1 |
_4070 _8rus _7ca _aНикульшина _bН. Л. _gНадежда Леонидовна _3RU\NLR\AUTH\7794097 _977023 |
|
| 701 | 1 |
_4070 _8rus _7ca _aГливенкова _bО. А. _f1975- _gОльга Анатольевна _3RU\NLR\AUTH\7794280 _977206 |
|
| 790 | 1 |
_4070 _8rus _7ba _aNikul'šina _bN. L. _gNadežda Leonidovna _3RU\NLR\AUTH\7794098 _977024 |
|
| 790 | 1 |
_4070 _8rus _7ba _aGlivenkova _bO. A. _f1975- _gOl'ga Anatol'evna _3RU\NLR\AUTH\7794281 _977207 |
|
| 801 | 0 |
_aRU _bNLR _c20091112 _gRCR |
|
| 801 | 1 |
_aRU _bNLR _c20091112 |
|
| 830 | _aавт. по кн. | ||
| 942 | _cBOOK | ||
| 980 | _aNB | ||